Customer Relationship Management : a strategic perspective (Record no. 847)

MARC details
000 -LEADER
Fixed length control field 00485nam a2200169 4500
003 - CONTROL NUMBER IDENTIFIER
Control field SEACOMMC
005 - DATE AND TIME OF LATEST TRANSACTION
Control field 20250426124451.0
008 - FIXED-LENGTH DATA ELEMENTS--GENERAL INFORMATION
Fixed length control field 241209b |||||||| |||| 00| 0 eng d
020 ## - INTERNATIONAL STANDARD BOOK NUMBER / ISBN
International Standard Book Number 978-93-5138-145-7
Price Rs.190.00
040 ## - CATALOGING SOURCE
Original cataloging agency SEACOMMC
082 ## - DEWEY DECIMAL CLASSIFICATION NUMBER
Classification number 658.812
Book Number S 526
100 ## - MAIN ENTRY--PERSONAL NAME
Personal name Shainesh, G
245 1# - TITLE STATEMENT
Title Customer Relationship Management : a strategic perspective
Statement of responsibility G Shainesh & Jagdish N Sheth
260 ## - IMPRINT
Place of publication Delhi
Name of publisher Mcmillan
Date of publication 2006
650 ## - SUBJECT ADDED ENTRY--TOPICAL TERM
Topical term Customer Relations
942 ## - ADDED ENTRY ELEMENTS (KOHA)
Koha item type Books
Holdings
Withdrawn status Lost status Source of classification Damaged status Not for loan Home library Current library Shelving location Date acquired Total Checkouts Call number Accession number Date last seen Price effective from Koha item type
    Dewey Decimal Classification     SEACOM MANAGEMENT COLLEGE SEACOM MANAGEMENT COLLEGE Reference 04/12/2007   658.812 S 526 M-1132 09/12/2024 09/12/2024 Books
© Seacom Engineering College, All rights reserved.    Powered by Koha